Indian economy (A) : (Record no. 9210)

MARC details
000 -LEADER
fixed length control field 00486cam a2200193ua 4500
008 - FIXED-LENGTH DATA ELEMENTS--GENERAL INFORMATION
fixed length control field 171012n ii |||gr||||Z||||||asm
020 ## - INTERNATIONAL STANDARD BOOK NUMBER
International Standard Book Number 9789327240870
040 ## - CATALOGING SOURCE
Transcribing agency MAIN
041 ## - LANGUAGE CODE
-- asm
082 ## - DEWEY DECIMAL CLASSIFICATION NUMBER
Classification number 330.954
100 ## - MAIN ENTRY--PERSONAL NAME
Personal name Dhar, Pranab Kumar,
Relator term
245 ## - TITLE STATEMENT
Title Indian economy (A) :
Remainder of title its growing dimensions /
Statement of responsibility, etc. By Pranab Kumar Dhar .
250 ## - EDITION STATEMENT
Edition statement 6th ed.
260 ## - PUBLICATION, DISTRIBUTION, ETC.
Place of publication, distribution, etc. Ludhiana:
Name of publisher, distributor, etc. Kalyani,
Date of publication, distribution, etc. 2014.
300 ## - PHYSICAL DESCRIPTION
Extent 710p.
942 ## - ADDED ENTRY ELEMENTS (KOHA)
Koha item type Books
653 ## - INDEX TERM--UNCONTROLLED
Uncontrolled term Economics
Holdings
Withdrawn status Lost status Damaged status Not for loan Home library Current library Shelving location Date acquired Total Checkouts Full call number Barcode Date last seen Date last checked out Copy number Price effective from Koha item type
        Central Library, Naharkatiya College Central Library, Naharkatiya College General Stacks 19/09/2020 25 330.954 | DHA 23925 17/03/2025 24/02/2025 2 19/09/2020 Books
        Central Library, Naharkatiya College Central Library, Naharkatiya College General Stacks 19/09/2020 21 330.954 | DHA 23926 04/09/2025 14/02/2025 1 19/09/2020 Books

Naharkatiya College © 2020. All rights reserved.

Powered By